Národnooslobodzovacie hnutie a jeho miesto vo svetovom revolučnom procese

Gespeichert in:
Bibliographische Detailangaben
1. Verfasser: Vrba, Hubert
Format: Buch
Sprache:Slowakisch
Veröffentlicht: Bratislava Vysoká škola ekonomická 1984
Tags: Tag hinzufügen
Keine Tags, Fügen Sie das erste Tag hinzu!

MARC

LEADER 00000nam a2200000 4500
001 c114203
005 20190110074301.3
041 0 |a slo 
044 |a SK 
245 1 0 |a Národnooslobodzovacie hnutie a jeho miesto vo svetovom revolučnom procese  |c Hubert Vrba 
264 1 |a Bratislava  |b Vysoká škola ekonomická  |c 1984 
300 |a 293 s. 
100 1 |a Vrba, Hubert